000
00228nam a22000857a 4500
008
161128b xxu||||| |||| 00| 0 eng d
100
_9
1498
_a
Tayal.B.B.etal.
245
_a
Social Science-VII
260
_a
New Delhi
_b
AD Publications
_c
2011
999
_c
4225
_d
4225